[Event "50th World Juniors"]
[Site "Chennai IND"]
[Date "2011.08.06"]
[Round "5.2"]
[White "Goganov, Aleksey"]
[Black "Huschenbeth, Niclas"]
[Result "1/2-1/2"]
[WhiteTitle "IM"]
[BlackTitle "IM"]
[WhiteElo "2489"]
[BlackElo "2521"]
[WhiteFideId "24109959"]
[BlackFideId "24604747"]
[EventDate "2011.08.02"]

1. d4 d5 2. c4 c6 3. Nc3 dxc4 4. e3 b5 5. a4 b4 6. Nb1 Ba6 7. Qc2 Nf6 8. Bxc4
Bxc4 9. Qxc4 Qd5 10. Qxd5 cxd5 11. Nd2 e6 12. Ngf3 Bd6 13. Ke2 Nbd7 14. b3 Rc8
15. Bb2 Nb8 16. Rac1 Kd7 17. Ne5+ Ke7 18. Nd3 Ne4 19. Nxe4 dxe4 20. Ne5 Bxe5 21.
dxe5 Rhd8 22. Rhd1 Nc6 23. Rxd8 Kxd8 24. Kd2 Na5 25. Rxc8+ Kxc8 26. Kc2 Kb7 27.
f3 exf3 28. gxf3 Kc6 29. Bd4 a6 30. e4 Nb7 31. Kd3 Na5 32. Kc2 Nb7 1/2-1/2

[Event "50th World Juniors"]
[Site "Chennai IND"]
[Date "2011.08.06"]
[Round "5.3"]
[White "Piorun, Kacper"]
[Black "Grover, Sahaj"]
[Result "1-0"]
[WhiteTitle "IM"]
[BlackTitle "IM"]
[WhiteElo "2514"]
[BlackElo "2496"]
[WhiteFideId "1130420"]
[BlackFideId "5021103"]
[EventDate "2011.08.02"]

1. e4 e6 2. d4 d5 3. Nd2 Nf6 4. e5 Nfd7 5. f4 c5 6. c3 Nc6 7. Ndf3 Qb6 8. a3 Be7
9. h4 cxd4 10. cxd4 Na5 11. Ne2 Qb3 12. Qd2 Nb6 13. Qxa5 1-0

[Event "50th World Juniors"]
[Site "Chennai IND"]
[Date "2011.08.06"]
[Round "5.5"]
[White "Shimanov, Aleksandr"]
[Black "Lalith, Babu M.R."]
[Result "1-0"]
[WhiteTitle "GM"]
[BlackTitle "IM"]
[WhiteElo "2586"]
[BlackElo "2495"]
[WhiteFideId "4198603"]
[BlackFideId "5024595"]
[EventDate "2011.08.02"]

1. e4 d6 2. d4 Nf6 3. f3 e5 4. d5 c6 5. c4 Nh5 6. Be3 Be7 7. Qd2 f5 8. exf5 Bxf5
9. Nc3 Nf6 10. Nge2 Bg6 11. Ng3 cxd5 12. cxd5 Nbd7 13. Bd3 Bf7 14. Nf5 O-O 15.
h4 Nxd5 16. Nxd5 Bxd5 17. Nxe7+ Qxe7 18. Bxh7+ Kxh7 19. Qxd5 Nf6 20. Qd3+ e4 21.
fxe4 Qxe4 22. O-O-O d5 23. Qxe4+ dxe4 24. Rd4 Rad8 25. Rhd1 Rxd4 26. Rxd4 Kg6
27. Kd2 Kf5 28. Rb4 b6 29. Rb5+ Ke6 30. Rg5 Rd8+ 31. Ke2 Rd7 32. a4 Nh7 33. Rb5
Nf6 34. Rg5 Nh7 35. Rg6+ Kf5 36. h5 Rc7 37. g4+ Ke5 38. Bd2 Nf8 39. Rg5+ Ke6 40.
Bc3 1-0

[Event "50th World Juniors"]
[Site "Chennai IND"]
[Date "2011.08.06"]
[Round "5.7"]
[White "Kovalev, Vladislav"]
[Black "Hovhannisyan, Robert"]
[Result "0-1"]
[WhiteTitle "FM"]
[BlackTitle "GM"]
[WhiteElo "2439"]
[BlackElo "2556"]
[WhiteFideId "13504398"]
[BlackFideId "13302507"]
[EventDate "2011.08.02"]

1. e4 e5 2. Nf3 Nc6 3. Bb5 Nf6 4. O-O Nxe4 5. d4 Nd6 6. Bxc6 dxc6 7. dxe5 Nf5 8.
Qxd8+ Kxd8 9. Nc3 Be6 10. Ng5 Ke7 11. Rd1 h6 12. Nxe6 Kxe6 13. g4 Nh4 14. f4 h5
15. h3 hxg4 16. hxg4 f5 17. exf6 gxf6 18. f5+ Kf7 19. Ne4 Re8 20. Rd7+ Re7 21.
Rxe7+ Bxe7 22. Kf1 Rg8 23. Nf2 Bc5 24. Ne4 Bb6 25. g5 fxg5 26. Bxg5 Nf3 27. Rd1
Nxg5 28. Rd7+ Kf8 29. Rd8+ Ke7 30. Rxg8 Nxe4 31. Ke2 Nd6 32. Rb8 Kd7 33. Rf8 Bd4
34. b3 Bg7 35. Rb8 b6 36. Ra8 a5 37. Rg8 Nxf5 38. Kd3 Bf6 39. Rg2 Nd6 40. Rh2 c5
41. Rh7+ Kc6 42. c4 a4 43. bxa4 Bd4 44. Rh6 Kb7 45. Rh7 Nc8 46. Rf7 Na7 47. Rh7
Nc6 48. Kc2 Be5 49. Rf7 Ka6 50. Rf1 Nd4+ 51. Kb2 Ka5 52. Ka3 Bg7 53. Rh1 Nf3 54.
Rh7 Be5 55. Rd7 Ka6 56. Rd3 Nd4 57. Rd1 Bf4 58. Kb2 Ka5 59. Rf1 Bg5 60. Rg1 Nf3
61. Rf1 Nd2 62. Rf5 Be3 63. Kc3 Ne4+ 64. Kd3 Nd6 65. Rf8 Bd4 66. Ra8+ Kb4 67.
a3+ Kxa3 68. a5 Kb4 69. a6 Ka5 70. Ra7 Nf5 71. Ra8 Ne3 72. Ra7 Nd1 73. Kc2 Nf2
74. Kb3 Nd3 75. Ra8 Nb4 76. a7 Ka6 77. Rc8 Kxa7 78. Rxc7+ Ka6 79. Ka4 Nd3 80.
Re7 Ne5 81. Kb3 Nc6 0-1

[Event "50th World Juniors"]
[Site "Chennai IND"]
[Date "2011.08.06"]
[Round "5.8"]
[White "Swiercz, Dariusz"]
[Black "Roganovic, Milos"]
[Result "1-0"]
[WhiteTitle "GM"]
[BlackTitle "IM"]
[WhiteElo "2553"]
[BlackElo "2476"]
[WhiteFideId "1126881"]
[BlackFideId "937614"]
[EventDate "2011.08.02"]

1. Nf3 Nf6 2. c4 g6 3. Nc3 Bg7 4. e4 c5 5. d4 cxd4 6. Nxd4 d6 7. Be2 Nc6 8. Be3
O-O 9. O-O Bd7 10. Qd2 Nxd4 11. Bxd4 Bc6 12. f3 Nd7 13. Be3 a5 14. Rab1 a4 15.
b4 axb3 16. axb3 Nc5 17. Rfc1 Ra3 18. Bd1 Nd7 19. b4 b6 20. Be2 Qa8 21. Bf1 Rc8
22. Bf2 h5 23. Be2 Bb7 24. Bd4 Ne5 25. Nb5 Ra2 26. Rb2 Ra1 27. Rc2 Rxc1+ 28.
Rxc1 Nd7 29. Bxg7 Kxg7 30. Qd4+ Kg8 31. Ra1 Qb8 32. Bd1 Ne5 33. Bb3 Bc6 34. f4
Bxb5 35. cxb5 Ng4 36. h3 Nh6 37. Bd5 Qc7 38. Bc6 e5 39. Qe3 Kh7 40. f5 Rg8 41.
Rd1 g5 42. g3 g4 43. h4 Rd8 44. Qg5 d5 45. Rxd5 Rxd5 46. f6 Rd1+ 47. Kf2 Rd2+
48. Ke3 Rd3+ 49. Kxd3 Qd8+ 50. Bd5 Qf8 51. Kc3 Qg8 52. Qxe5 Qg6 53. Qg5 Qg8 54.
Qxg8+ Nxg8 55. e5 Kg6 56. Kd4 1-0

[Event "50th World Juniors"]
[Site "Chennai IND"]
[Date "2011.08.06"]
[Round "5.9"]
[White "Sethuraman, S.P."]
[Black "Anwesh, Upadhyaya"]
[Result "1-0"]
[WhiteTitle "GM"]
[BlackTitle "IM"]
[WhiteElo "2529"]
[BlackElo "2429"]
[WhiteFideId "5021596"]
[BlackFideId "5028949"]
[EventDate "2011.08.02"]

1. d4 d5 2. c4 c6 3. Nf3 Nf6 4. e3 e6 5. b3 Nbd7 6. Bb2 Bd6 7. Bd3 O-O 8. O-O
Ne4 9. Nbd2 f5 10. c5 Bc7 11. b4 a6 12. Ne5 Nxe5 13. dxe5 Nxd2 14. Qxd2 Bd7 15.
a4 a5 16. b5 b6 17. Qc2 bxc5 18. bxc6 Bxc6 19. Qxc5 Be8 20. Rfc1 Rf7 21. Bb5 Rb8
22. Rc2 Bxb5 23. axb5 Qd7 24. Rac1 Rxb5 25. Qa7 Bd8 26. Qa6 Rf8 27. Ba3 Re8 28.
Rc6 Rb3 29. Bc5 Kf7 30. Bd6 Qb7 31. Qf1 Kg8 32. Rc8 Qd7 33. Ra8 Bb6 34. Qa6 Rxa8
35. Qxa8+ Kf7 36. h4 Kg6 37. Rc8 Rb1+ 38. Kh2 Qa4 39. Be7 Bxe3 40. fxe3 Qe4 41.
Rc4 Qxe5+ 42. Rf4 h6 43. Bc5 Rb8 44. Qxa5 Kh7 45. Qa7 Rg8 46. Qf7 Qf6 47. Qxf6
gxf6 48. Ra4 Rc8 49. Bd4 e5 50. Ba7 Kg6 51. Ra5 Rd8 52. Bc5 f4 53. exf4 Kf5 54.
fxe5 fxe5 55. Be3 h5 56. Bg5 Rd7 57. Kg3 Ke4 58. Ra1 d4 59. Re1+ Kf5 60. Rf1+
Ke4 61. Kh3 d3 62. g4 hxg4+ 63. Kxg4 Kd4 64. h5 e4 65. Re1 Ke5 66. h6 Rb7 67.
Rh1 1-0

[Event "50th World Juniors"]
[Site "Chennai IND"]
[Date "2011.08.06"]
[Round "5.11"]
[White "Swayams, Mishra"]
[Black "Martinovic, Sasa"]
[Result "1-0"]
[BlackTitle "GM"]
[WhiteElo "2378"]
[BlackElo "2521"]
[WhiteFideId "5028183"]
[BlackFideId "14509792"]
[EventDate "2011.08.02"]

1. d4 Nf6 2. c4 e6 3. Nc3 c5 4. d5 exd5 5. cxd5 d6 6. e4 g6 7. Be2 a6 8. a4 Qe7
9. Qc2 Bg7 10. Nf3 Bg4 11. O-O O-O 12. h3 Bxf3 13. Bxf3 Nbd7 14. Bf4 h5 15. Rfe1
Nh7 16. Be2 Bd4 17. Bf1 Qf6 18. Ne2 Rfe8 19. Nxd4 Qxf4 20. Nf3 Re7 21. Ra3 h4
22. Rae3 Rae8 23. Nd2 Ng5 24. Bd3 f5 25. R3e2 Ne5 26. exf5 c4 27. Be4 gxf5 28.
Bxf5 Rf8 29. Be6+ Kh8 30. Qc3 Rg7 31. Kh1 Nd3 32. Rf1 Nxe6 33. dxe6 d5 34. Nf3
Kh7 35. Qd4 Rxg2 36. e7 Re8 37. Qxd5 Rg6 38. Rg1 Rxg1+ 39. Nxg1 Kg7 40. Qh5 Qf7
41. Qg4+ Qg6 42. Qxh4 b5 43. Nf3 Qf6 44. Ng5 Rxe7 45. Qh7+ Kf8 46. Rxe7 Nxf2+
47. Kg2 Qxg5+ 48. Kxf2 Qf6+ 49. Ke3 Qg5+ 50. Kd4 1-0

[Event "50th World Juniors"]
[Site "Chennai IND"]
[Date "2011.08.06"]
[Round "5.12"]
[White "Durarbeyli, Vasif"]
[Black "Girish, A. Koushik"]
[Result "0-1"]
[WhiteTitle "GM"]
[BlackTitle "FM"]
[WhiteElo "2515"]
[BlackElo "2309"]
[WhiteFideId "13402935"]
[BlackFideId "5038448"]
[EventDate "2011.08.02"]

1. e4 e5 2. Nf3 Nc6 3. Bb5 a6 4. Ba4 Nf6 5. O-O Be7 6. Re1 b5 7. Bb3 d6 8. c3
O-O 9. d3 Na5 10. Bc2 c5 11. Nbd2 Re8 12. Nf1 h6 13. d4 Qc7 14. Ne3 Bf8 15. b3
Bd7 16. h3 g6 17. Bb2 Bg7 18. Qd2 Bc6 19. d5 Bd7 20. c4 Rab8 21. Bd3 Qb6 22.
Rab1 b4 23. Kh2 Nh5 24. g3 Nb7 25. Ng4 Kh7 26. Bc1 Rh8 27. Nxh6 Bxh6 28. Qxh6+
Kg8 29. Qd2 Qd8 30. Bf1 Qf6 31. Ng5 Qe7 32. Bg2 f6 33. Nf3 Nd8 34. Kg1 g5 35.
Nh2 Qh7 36. Qe2 Bxh3 37. Bxh3 Nf4 38. Bxf4 Qxh3 39. f3 exf4 40. gxf4 Qg3+ 41.
Kh1 Rb7 0-1

[Event "50th World Juniors"]
[Site "Chennai IND"]
[Date "2011.08.06"]
[Round "5.13"]
[White "Stany, G.A."]
[Black "Pap, Gyula"]
[Result "1-0"]
[BlackTitle "GM"]
[WhiteElo "2435"]
[BlackElo "2513"]
[WhiteFideId "5029104"]
[BlackFideId "725323"]
[EventDate "2011.08.02"]

1. e4 e6 2. d4 d5 3. e5 c5 4. c3 Qb6 5. Nf3 Nc6 6. a3 Bd7 7. b4 cxd4 8. cxd4 Rc8
9. Bb2 Nh6 10. Bd3 Na5 11. Nbd2 Nc4 12. Bxc4 dxc4 13. Rc1 Qb5 14. Qe2 Be7 15.
Nxc4 O-O 16. Ne3 Rxc1+ 17. Bxc1 Rc8 18. Qxb5 Bxb5 19. Bd2 a5 20. bxa5 Bxa3 21.
Kd1 Bb2 22. Re1 Bd3 23. Bb4 Nf5 24. Kd2 Be4 25. Bc5 h6 26. Nxf5 exf5 27. Re3 Bd5
28. g3 g5 29. Ne1 Ra8 30. Nd3 Ba1 31. Nb4 Bc4 32. Bb6 Rc8 33. Bc5 Ra8 34. Bb6
Rc8 35. f4 Bb2 36. Kc2 Ba1 37. Kb1 1-0

[Event "50th World Juniors"]
[Site "Chennai IND"]
[Date "2011.08.06"]
[Round "5.14"]
[White "Janev, Tihomir"]
[Black "Matlakov, Maxim"]
[Result "0-1"]
[BlackTitle "GM"]
[WhiteElo "2349"]
[BlackElo "2632"]
[WhiteFideId "2910110"]
[BlackFideId "4168003"]
[EventDate "2011.08.02"]

1. d4 Nf6 2. Nf3 e6 3. g3 b5 4. Bg2 Bb7 5. a4 b4 6. O-O c5 7. c3 Na6 8. Bg5 Be7
9. Nbd2 O-O 10. Rc1 bxc3 11. bxc3 h6 12. Bxf6 Bxf6 13. e4 cxd4 14. cxd4 Nb4 15.
Qb3 a5 16. Rfd1 Rb8 17. Qa3 Be7 18. Qa1 d6 19. Ne1 Qd7 20. Nb1 Bg5 21. f4 Bf6
22. Nc3 Bc6 23. e5 dxe5 24. dxe5 Qa7+ 25. Kh1 Qf2 26. h3 Be7 27. Bxc6 Nxc6 28.
Nb5 Rfd8 29. Rd3 Qf1+ 30. Kh2 Rxd3 31. Nxd3 Qe2+ 0-1

[Event "50th World Juniors"]
[Site "Chennai IND"]
[Date "2011.08.06"]
[Round "5.19"]
[White "Barbosa, Evandro Amorim"]
[Black "Cori, Jorge"]
[Result "1-0"]
[WhiteTitle "FM"]
[BlackTitle "GM"]
[WhiteElo "2343"]
[BlackElo "2514"]
[WhiteFideId "2115824"]
[BlackFideId "3802272"]
[EventDate "2011.08.02"]

1. e4 e6 2. d4 d5 3. Nc3 Bb4 4. e5 c5 5. a3 Bxc3+ 6. bxc3 Nc6 7. Qg4 g6 8. a4
Qa5 9. Bd2 c4 10. h4 h5 11. Qf4 Bd7 12. Nf3 Nd8 13. Ng5 Bxa4 14. Rh3 b5 15. Be2
Qc7 16. Ra2 Qe7 17. g4 f6 18. Nf3 Nf7 19. Rg3 hxg4 20. Rxg4 f5 21. Rxg6 O-O-O
22. Ng5 Nxg5 23. Qxg5 Re8 24. Rg7 Qxg5 25. Bxg5 Kb8 26. Kd2 Nh6 27. Ra1 Ref8 28.
Re7 Nf7 29. Bf6 Rhg8 30. Rxe6 Rg2 31. Rf1 Rh2 32. Bf3 b4 33. Bxd5 1-0

[Event "50th World Juniors"]
[Site "Chennai IND"]
[Date "2011.08.06"]
[Round "5.20"]
[White "Krejci, Jan2"]
[Black "Kuchynka, Lukas"]
[Result "1/2-1/2"]
[WhiteTitle "IM"]
[BlackTitle "FM"]
[WhiteElo "2503"]
[BlackElo "2339"]
[WhiteFideId "322156"]
[BlackFideId "325058"]
[EventDate "2011.08.02"]

1. e4 e5 2. Nf3 Nc6 3. Bb5 a6 4. Ba4 Nf6 5. O-O Be7 6. Re1 b5 7. Bb3 O-O 8. c3
d5 9. exd5 Nxd5 10. Nxe5 Nxe5 11. Rxe5 c6 12. d4 Bd6 13. Re1 Qh4 14. g3 Qh3 15.
Be3 Bg4 16. Qd3 Rae8 17. Nd2 Re6 18. a4 f5 19. Qf1 Qh5 20. f4 g5 21. axb5 axb5
22. fxg5 f4 23. Bxf4 Bxf4 24. gxf4 Rxf4 25. Ra8+ Kg7 26. Ra7+ Kg8 27. Ra8+ Kg7
28. Ra7+ Kg8 29. Ra8+ Kg7 30. Ra7+ Kg8 31. Ra8+ 1/2-1/2

[Event "50th World Juniors"]
[Site "Chennai IND"]
[Date "2011.08.06"]
[Round "5.21"]
[White "Rajesh, V A V"]
[Black "Salem, A.R. Saleh"]
[Result "1-0"]
[WhiteTitle "FM"]
[BlackTitle "GM"]
[WhiteElo "2292"]
[BlackElo "2493"]
[WhiteFideId "5029317"]
[BlackFideId "9301348"]
[EventDate "2011.08.02"]

1. d4 Nf6 2. c4 c5 3. Nf3 cxd4 4. Nxd4 e5 5. Nc2 b5 6. Nc3 bxc4 7. e4 Ba6 8. Bg5
Bc5 9. Ne3 Bxe3 10. Bxe3 O-O 11. Be2 Nc6 12. Qa4 Qc8 13. Bxc4 Bxc4 14. Qxc4 Rb8
15. Rb1 Na5 16. Qxc8 Rfxc8 17. Ke2 a6 18. f3 Nc4 19. Bc1 Rc6 20. Rd1 Rbc8 21.
Rd3 h6 22. b3 Nd6 23. Bb2 Nb7 24. Rbd1 Kf8 25. Na4 d6 26. Ba3 Ke7 27. Nb2 Rc2+
28. R1d2 Ke6 29. Nc4 Rxd2+ 30. Rxd2 Rc6 31. Ne3 g6 32. Nd5 Ne8 33. f4 f5 34.
fxe5 fxe4 35. Nf4+ Kxe5 36. Nxg6+ Kf6 37. Nf4 Nc7 38. Ke3 Ke5 39. Bb2+ Kf5 40.
Rf2 Nc5 41. Ne2+ Kg5 42. Nd4 Rb6 43. Rf5+ Kg6 44. h4 Rb7 45. h5+ Kh7 46. Ba3 Nd7
47. Bxd6 Ne8 48. Ba3 Ndf6 49. Ne6 Rb6 50. Nf4 Rb7 51. Ra5 Rg7 52. Ng6 Nc7 53.
Bb2 Ncd5+ 54. Rxd5 Nxd5+ 55. Kxe4 Rc7 56. Kxd5 Rc2 57. Bf6 Rxa2 58. Ke6 Kg8 59.
Ne7+ Kf8 60. g4 Re2+ 61. Be5 Rg2 62. Nf5 Rxg4 63. Bd6+ Ke8 64. Nxh6 Re4+ 65. Kf5
Rd4 66. Ke6 Re4+ 67. Kf6 Kd7 68. Nf5 Re1 69. h6 Rh1 70. Bg3 Rc1 71. h7 Rc8 72.
Kg7 Ke6 73. Nh6 1-0

[Event "50th World Juniors"]
[Site "Chennai IND"]
[Date "2011.08.06"]
[Round "5.22"]
[White "Petrisor, Adrian-Marian"]
[Black "Nitin, S."]
[Result "0-1"]
[WhiteTitle "FM"]
[BlackTitle "IM"]
[WhiteElo "2408"]
[BlackElo "2365"]
[WhiteFideId "1213741"]
[BlackFideId "5018277"]
[EventDate "2011.08.02"]

1. d4 Nf6 2. c4 g6 3. Nc3 Bg7 4. e4 d6 5. Nf3 O-O 6. h3 Na6 7. Bg5 e5 8. d5 h6
9. Be3 Nc5 10. Nd2 a5 11. g4 c6 12. g5 hxg5 13. Bxg5 Qb6 14. Qc2 a4 15. a3 Nh5
16. O-O-O Nf4 17. Be7 Re8 18. Bxd6 cxd5 19. Nb5 d4 20. Nc7 Rd8 21. Bxc5 Qxc7 22.
Bb4 d3 23. Qc3 Bh6 24. Re1 Be6 25. c5 Rd4 26. Kb1 Qc6 27. f3 Rad8 28. Rh2 f6 29.
h4 Bf7 30. b3 axb3 31. Nxb3 Rc4 32. Qb2 Qa4 33. Na5 Rxb4 34. Qxb4 d2 35. Rxd2
Qxb4+ 36. axb4 Rxd2 37. Nxb7 Ne6 38. Bc4 Nd4 39. Bd5 Nb5 40. Rc1 0-1

[Event "50th World Juniors"]
[Site "Chennai IND"]
[Date "2011.08.06"]
[Round "5.25"]
[White "Getz, Nicolai"]
[Black "Abhishek, Kelkar"]
[Result "1-0"]
[WhiteTitle "FM"]
[WhiteElo "2385"]
[BlackElo "2197"]
[WhiteFideId "1505572"]
[BlackFideId "5019257"]
[EventDate "2011.08.02"]

1. Nf3 Nf6 2. b3 d6 3. d4 Nbd7 4. Bb2 c6 5. c4 e5 6. e3 e4 7. Nfd2 d5 8. Be2 Bd6
9. Nc3 O-O 10. g4 b6 11. Qc2 Bb7 12. O-O-O Rc8 13. Kb1 Kh8 14. h4 b5 15. c5 Be7
16. f3 exf3 17. Bxf3 Ne8 18. a3 Nc7 19. e4 dxe4 20. Ndxe4 a5 21. Ng5 f5 22. gxf5
Nf6 23. b4 axb4 24. axb4 Ra8 25. Rhg1 Bc8 26. Bxc6 Nfd5 27. f6 Nxf6 28. Rgf1 g6
29. Bxa8 1-0

[Event "50th World Juniors"]
[Site "Chennai IND"]
[Date "2011.08.06"]
[Round "5.26"]
[White "Shyam, Sundar M."]
[Black "Botta, Gabriele"]
[Result "1-0"]
[WhiteTitle "IM"]
[BlackTitle "FM"]
[WhiteElo "2478"]
[BlackElo "2261"]
[WhiteFideId "5019141"]
[BlackFideId "1312120"]
[EventDate "2011.08.02"]

1. d4 Nf6 2. Nf3 e6 3. g3 b6 4. Bg2 Bb7 5. O-O Be7 6. c4 O-O 7. Re1 d5 8. cxd5
exd5 9. Nc3 Nbd7 10. Bf4 c5 11. dxc5 bxc5 12. Nh4 Nb6 13. Nf5 Bc6 14. e4 Nxe4
15. Nxe4 dxe4 16. Nxe7+ Qxe7 17. Bd6 Qe6 18. Bxf8 Rxf8 19. Qc2 f5 20. Qxc5 Nd7
21. Qd4 Ne5 22. f4 Ng4 23. Rac1 1-0

[Event "50th World Juniors"]
[Site "Chennai IND"]
[Date "2011.08.06"]
[Round "5.27"]
[White "Vaibhav, Suri"]
[Black "Gahan, M.G."]
[Result "1-0"]
[WhiteTitle "IM"]
[WhiteElo "2430"]
[BlackElo "2188"]
[WhiteFideId "5045185"]
[BlackFideId "5027373"]
[EventDate "2011.08.02"]

1. e4 d5 2. exd5 Nf6 3. d4 Nxd5 4. Nf3 Bg4 5. h3 Bxf3 6. Qxf3 Nc6 7. c3 g6 8.
Bc4 e6 9. O-O Bg7 10. Re1 O-O 11. Nd2 Nb6 12. Bb5 Qd5 13. Qxd5 exd5 14. Nb3 Nd7
15. Bf4 Rac8 16. Na5 Nxa5 17. Bxd7 Rcd8 18. Bg4 Nc4 19. Bxc7 Rde8 20. Bd7 Ra8
21. Re2 h5 22. Bf4 a6 23. Ba4 b5 24. Bb3 a5 25. a4 bxa4 26. Bxc4 dxc4 27. Rxa4
Rfc8 28. Re7 Bf6 29. Rc7 Re8 30. Kf1 Rab8 31. Bc1 Rb6 32. Raxc4 Rbe6 33. Be3 Bg5
34. Rc8 Bxe3 35. fxe3 Rxe3 36. Rxe8+ Rxe8 37. Ra4 Rb8 38. Rxa5 Rxb2 39. c4 Kg7
40. d5 Rc2 41. Rc5 Kf6 42. Rc7 Ke5 43. Rc6 Rd2 44. h4 Rd4 45. g3 Rd2 46. Rc7 Kf6
47. Ke1 Rd3 48. Ke2 Rxg3 49. d6 Ra3 50. c5 Ra8 51. c6 Rd8 52. d7 Ke7 53. Rc8 f6
54. Kf3 g5 55. hxg5 fxg5 56. Kg3 1-0

[Event "50th World Juniors"]
[Site "Chennai IND"]
[Date "2011.08.06"]
[Round "5.28"]
[White "Ramnath, Bhuvanesh R"]
[Black "Narayanan, S.L"]
[Result "1/2-1/2"]
[WhiteTitle "IM"]
[WhiteElo "2422"]
[BlackElo "2233"]
[WhiteFideId "5026598"]
[BlackFideId "5058422"]
[EventDate "2011.08.02"]

1. e4 c5 2. Nf3 Nc6 3. d4 cxd4 4. Nxd4 g6 5. Nc3 Bg7 6. Be3 Nf6 7. Bc4 Qa5 8.
O-O O-O 9. Bb3 d6 10. h3 Bd7 11. f4 Nxd4 12. Bxd4 Bc6 13. Qe1 Qb4 14. Rd1 Nxe4
15. Bxg7 Kxg7 16. Nd5 Qc5+ 17. Kh2 e6 18. Qxe4 exd5 19. Bxd5 Rfe8 20. Qc4 Bxd5
21. Qxc5 dxc5 22. Rxd5 b6 23. f5 Rad8 24. Rxd8 Rxd8 25. fxg6 hxg6 26. Rf2 f5 27.
Re2 Kf6 28. c4 Rd3 29. b3 g5 30. Kg1 Rd1+ 31. Kf2 f4 32. Kf3 Rd3+ 33. Ke4 Rd4+
34. Kf3 Rd3+ 35. Ke4 Rd7 36. Kf3 1/2-1/2

[Event "50th World Juniors"]
[Site "Chennai IND"]
[Date "2011.08.06"]
[Round "5.29"]
[White "Turqueza, Mari Joseph"]
[Black "Udeshi, Aditya"]
[Result "0-1"]
[WhiteElo "2235"]
[BlackElo "2378"]
[WhiteFideId "5204674"]
[BlackFideId "5021740"]
[EventDate "2011.08.02"]

1. d4 Nf6 2. c4 e6 3. g3 c5 4. d5 exd5 5. cxd5 b5 6. e4 Nxe4 7. Qe2 Qe7 8. Bg2
Nd6 9. Be3 Na6 10. Nh3 g6 11. O-O Bg7 12. Nc3 b4 13. Nb5 O-O 14. Rfe1 Nxb5 15.
Qxb5 Qd6 16. Qe2 Bb7 17. Qb5 Qb6 18. Qxd7 Rad8 19. Qg4 Bxd5 20. Bg5 Bxg2 21.
Kxg2 Qc6+ 22. Kg1 Rd4 23. Qe2 c4 24. Be3 Rd7 25. Rac1 c3 26. a3 Qb7 27. bxc3
bxc3 28. Ng5 h6 29. Nf3 Re8 30. h4 Nc5 0-1

[Event "50th World Juniors"]
[Site "Chennai IND"]
[Date "2011.08.06"]
[Round "5.32"]
[White "Ikeda, Junta"]
[Black "Soares, Erikson Roberto Mauricio"]
[Result "1-0"]
[WhiteTitle "FM"]
[WhiteElo "2349"]
[BlackElo "2181"]
[WhiteFideId "3204731"]
[BlackFideId "10100091"]
[EventDate "2011.08.02"]

1. c4 Nf6 2. Nf3 g6 3. b3 Bg7 4. Bb2 c6 5. g3 d5 6. Bg2 O-O 7. O-O Bf5 8. d3 Re8
9. Nbd2 Nbd7 10. Nd4 Nf8 11. Nxf5 gxf5 12. b4 Ng6 13. Qb3 e5 14. Rad1 f4 15.
Rfe1 h5 16. e3 fxg3 17. fxg3 h4 18. Nf1 Qd7 19. e4 d4 20. Qc2 a5 21. bxa5 Rxa5
22. Ra1 Rea8 23. Bc1 b5 24. Bg5 h3 25. Bf3 Qa7 26. cxb5 cxb5 27. Re2 b4 28. Qb1
Ra3 29. Bc1 Rc3 30. Rb2 Bf8 31. Bd2 Qa3 32. Be2 Nd7 33. Kh1 Nc5 34. Bxc3 dxc3
35. Rxb4 c2 36. Qb2 Nxd3 37. Qxa3 Rxa3 38. Rc4 Nf2+ 39. Kg1 Nxe4 40. Rxe4 Rc3
41. Rc4 Rxc4 42. Bxc4 Bc5+ 43. Kh1 Ba3 44. Ne3 c1=Q+ 45. Rxc1 Bxc1 46. Ng4 Kf8
47. Bd3 Kg7 48. Bxg6 fxg6 49. Nxe5 Be3 50. Nf3 g5 51. g4 Kf6 52. Ng1 1-0

[Event "50th World Juniors"]
[Site "Chennai IND"]
[Date "2011.08.06"]
[Round "5.33"]
[White "Yashas, D."]
[Black "Artemenko, Oleg"]
[Result "0-1"]
[WhiteElo "2184"]
[BlackElo "2341"]
[WhiteFideId "5030196"]
[BlackFideId "14201798"]
[EventDate "2011.08.02"]

1. e4 e6 2. b3 d5 3. Bb2 Nf6 4. e5 Ng8 5. c4 Ne7 6. Nc3 c5 7. f4 Nbc6 8. Nf3 b6
9. cxd5 Nxd5 10. Nxd5 Qxd5 11. Bc4 Qd7 12. Qe2 Bb7 13. O-O O-O-O 14. Rad1 Kb8
15. Kh1 Nd4 16. Bxd4 cxd4 17. Bd3 g6 18. Be4 d3 19. Qe1 Ba3 20. Ng5 h6 21. Bxb7
Qxb7 22. Ne4 Rd4 23. Nc3 a6 24. Qe3 Rhd8 25. Rde1 h5 26. Ne4 R4d7 27. Rb1 Be7
28. Rfc1 Rd5 29. Rc4 b5 30. Rcc1 Ba3 31. Rf1 Qa7 32. Qf3 Rc8 33. b4 Rc4 34. Rb3
Bxb4 35. a3 Be7 36. Nc3 Rd7 37. Rfb1 Kc8 38. Ne4 Qb7 39. Re1 Rdd4 40. Nf2 Qxf3
41. gxf3 Bh4 42. Kg2 Rxf4 43. Rxd3 Bxf2 44. Kxf2 Rh4 45. Rd6 Kb7 46. Ke3 Rxh2
47. d3 Rc6 48. a4 Rxd6 49. exd6 Kc6 50. axb5+ axb5 51. Rb1 Kxd6 52. Rxb5 Ke7 53.
d4 Ra2 54. d5 exd5 55. Rxd5 h4 56. f4 h3 57. Kf3 h2 58. Rd1 Ra8 59. Kg4 Rh8 60.
Rh1 Kf6 0-1

[Event "50th World Juniors"]
[Site "Chennai IND"]
[Date "2011.08.06"]
[Round "5.37"]
[White "Akash Pc, Iyer"]
[Black "Rojas Alarcon, Julian Antonio"]
[Result "0-1"]
[BlackTitle "FM"]
[WhiteElo "2069"]
[BlackElo "2291"]
[WhiteFideId "5006775"]
[BlackFideId "5107407"]
[EventDate "2011.08.02"]

1. d4 Nf6 2. c4 e6 3. Nc3 Bb4 4. Qc2 Nc6 5. Nf3 d6 6. g3 O-O 7. Bg2 Qe7 8. O-O
Bxc3 9. Qxc3 a5 10. b3 e5 11. d5 Nb8 12. Bb2 Nbd7 13. a3 Nc5 14. Qc2 Bd7 15. Nd2
b5 16. b4 axb4 17. axb4 Na4 18. Rfc1 bxc4 19. Nxc4 Rfb8 20. Ba3 e4 21. Ne3 h6
22. Qd2 Bb5 23. f4 exf3 24. exf3 Re8 25. Re1 Nb6 26. f4 Rxa3 27. Rxa3 Nc4 28.
Qc1 Nxa3 29. Qxa3 Ng4 30. Nc2 Qxe1+ 31. Nxe1 Rxe1+ 32. Bf1 Bxf1 33. Qc3 Rb1 0-1

[Event "50th World Juniors"]
[Site "Chennai IND"]
[Date "2011.08.06"]
[Round "5.38"]
[White "Benitez Lozano, Javier"]
[Black "Tomazini, Zan"]
[Result "1-0"]
[WhiteElo "1994"]
[BlackElo "2288"]
[WhiteFideId "5102472"]
[BlackFideId "14608162"]
[EventDate "2011.08.02"]

1. e4 e5 2. Nf3 Nc6 3. Bc4 Nf6 4. d3 Be7 5. O-O O-O 6. Bb3 d5 7. exd5 Nxd5 8.
Re1 Bf6 9. Nbd2 Bg4 10. h3 Bh5 11. Ne4 Nf4 12. Ng3 Bg6 13. d4 Nh5 14. Nxh5 Bxh5
15. g4 Bg6 16. dxe5 Nxe5 17. Nxe5 Qxd1 18. Rxd1 Bxe5 19. f4 Bd6 20. f5 Bxf5 21.
gxf5 Rfe8 22. Bc4 Rad8 23. Bg5 Bc5+ 24. Kg2 Rxd1 25. Rxd1 Bd6 26. Kf3 1-0